00694 2200241 4500001002100000005001500021035002000036007000300056008004100059020002200100082001100122084001500133100002000148245006800168250001000236260004300246300003500289500006100324700001200385600003300397990001100430990001100441INLIS00000000000331820190609090317 a0010-0619000067ta190609 g 0 ind  a978-979-99747-2-3 a297.98 a297.98 ULA0 aULAMA, Perintis1 aUlama Perintis :bBiografi Mini Ulama Sulsel /ceditor, Waspada acet.4 aYogyakarta :bPustaka Al- Zikra,c2018 axxii, 134 hlm :bilus ;c18 cm aBekerjasama dengan penerbit Celebes Square Garden Unit I0 aWASPADA 4aISLAM. BIOGRAFI ULAMA SULSEL a6722 a a6722 b